LDR 00746naa#a2200169#i#450# 001 EN\\bibl\121093 005 20260514122430.4 011 ## _a2073-0454 100 ## _a20251015b2025####ek#y0engy0150####ca 102 ## _aRU 200 1# _aModeling of technological directions of ensuring Russia's national security _eJournal article 210 1# _aMoscow _cMoscow University of the Ministry of Internal Affairs of Russia named after V.Ya. Kikot _d2025 215 ## _a3 с. 608 ## _aJournal article _2local 675 ## _aЭкономическое положение. Конъюнктура. Развитие хозяйственной структуры. Экономический рост. 338.1 _z 700 #1 _aSaradzheva _gOl'ga Vladimirovna 856 4# _amosumvd.editorum.ru _u